000 00644nam a22002177a 4500
003 UA-OsUOA
001 805
007 ta
008 20050706b un ||||| |||| 00| 0 ukr d
090 _a94(=16)
942 _cBK
040 _aUA-OsUOA
_bukr
_cUA-OsUOA
_dUA-OsUOA
245 _aІсторія, культура. фольклор та етнографія словянських народів
_bДоповіді
300 _a248 с.
955 _a1
041 _aukr
080 _a94(=16)
260 _aК.
_bНаукова думка
_c1988
650 7 _a9 Географія. Біографії. Історія
_2UDC
999 _c286968
_d286968